Formula 1: Drivers Who Beat Them - Nico Rosberg - Statistics

General Stats
  • This quiz has been taken 29 times
  • The average score is 18 of 22
Answer Stats
Beat them in: Answer Nationality Teams % Correct
2006-2008, 2010-2013 Fernando Alonso Spain Renault, McLaren, Ferrari
100%
2006, 2009-2012 Jenson Button UK Honda, Brawn, McLaren
100%
2006-2009, 2012-2013 Kimi Räikkönen Finland McLaren, Ferrari, Lotus
100%
2006 Michael Schumacher Germany Ferrari
100%
2006 Ralf Schumacher Germany Toyota
100%
2006-2008, 2010-2012 Felipe Massa Brazil Ferrari
96%
2006, 2008-2013 Mark Webber Australia Williams, Red Bull
96%
2008-2013 Sebastian Vettel Germany Toro Rosso, Red Bull
96%
2007-2015 Lewis Hamilton UK McLaren, Mercedes
92%
2006, 2009 Rubens Barrichello Brazil Honda, Brawn
92%
2006 Juan Pablo Montoya Colombia McLaren
85%
2006-2008 Robert Kubica Poland BMW Sauber
85%
2006-2007 Giancarlo Fisichella Italy Renault
81%
2006 Jacques Villeneuve Canada BMW Sauber
81%
2006 David Coulthard UK Red Bull
73%
2007-2008 Heikki Kovalainen Finland Renault, McLaren
73%
2012 Romain Grosjean France Lotus
69%
2006-2008 Nick Heidfeld Germany BMW Sauber
62%
2006, 2008 Jarno Trulli Italy Toyota
50%
2006 Pedro de la Rosa Spain McLaren
50%
2008 Timo Glock Germany Toyota
46%
2008 Nelson Piquet jr. Brazil Renault
42%
No matching quizzes found
Score Distribution
Percent of People with Each Score
Percentile by Number Answered
Your Score History
You have not taken this quiz